Conectividad entre redes de datos (LAN) y centrales telefónicas privadas (PBX)"
Guardado en:
| Hovedforfatter: | |
|---|---|
| Format: | Bog |
| Udgivet: |
[San José , Costa Rica]
1995
|
| Fag: | |
| Tags: |
Tilføj Tag
Ingen Tags, Vær først til at tagge denne postø!
|
MARC
| LEADER | 00000nam a2200000Ia 4500 | ||
|---|---|---|---|
| 003 | 007791 | ||
| 005 | 20221231144250.0 | ||
| 008 | 140114s1995 cr a m 000 ||s d | ||
| 040 | |c cru CEDI | ||
| 090 | |a TFG 3365 | ||
| 100 | |a Sibaja Amador, Mauricio |9 7783 | ||
| 245 | |a Conectividad entre redes de datos (LAN) y centrales telefónicas privadas (PBX)" | ||
| 260 | |c 1995 |a [San José , Costa Rica] | ||
| 300 | |a x, 90 páginas : ilustraciones | ||
| 500 | |a Proyecto de graduación (bachillerato en ingeniería eléctrica)--Universidad de Costa Rica. Facultad de Ingeniería. Escuela de Ingeniería Eléctrica | ||
| 650 | |x REDES DE AREA LOCAL (COMPUTADORAS) |x CENTRALES TELEFONICAS |x CIRCUITOS DE INTERFAZ |9 10518 | ||
| 942 | |c TFG | ||
| 999 | |c 19293 |d 19293 | ||
